000 00726nam a2200265 i 4500
001 bg
100 1 _aO'DONNELL, Teresa
245 1 0 _aIndependent writing /
_cTeresa O'Donnell, Judith L. Paiva.
250 _a2nd ed.
260 _aBoston :
_bHeinle & Heinle,
_ccop. 1993.
300 _aXV, 215 s. :
_bfot. ;
_c26 cm.
504 _aBibliogr.
650 9 _aJęzyk angielski
650 9 _aRetoryka
655 _aPodręczniki
700 1 _aPAIVA, Judith L.
020 _a0838442064
040 _cBPK
041 0 _aeng
080 _a811.111:808.5](07)
920 _a0-8384-4206-4
942 _cKS
008 s pl f |000 0 pol
999 _c42900
_d42900